Biblioteca

La ciudad de Dios (Registro nro. 39869)

Detalles MARC
000 -LÍDER
Campo fijo de descripción fija 010750000a22003010004500
001 - NÚMERO DE CONTROL
Campo de control 10222
003 - IDENTIFICADOR DEL NÚMERO DE CONTROL
Campo de control CO-MdFUSB
005 - FECHA Y HORA DE LA ULTIMA TRANSACCIÓN
control field 20190202100420.0
008 - ELEMENTOS DE LONGITUD FIJA -- INFORMACIÓN GENERAL
Campo fijo de descripción fija -- Información general 180706s1940 ag ||||| |||| 00| 0 spa d
040 ## - FUENTE DE CATALOGACIÓN
Agencia de catalogación original CO-MdFUSB
Idioma de catalogación spa
Agencia que realiza la transcripción CO-MdFUSB
Agencia que realiza la modificación CO-MdFUSBC
Convenciones de la descripción rda
041 0# - CÓDIGO DE IDIOMA
Código de idioma para texto/pista de sonido o título separado spa
Código de idioma original lat
082 04 - NÚMERO DE CLASIFICACIÓN DECIMAL DEWEY
Número de clasificación G 270.2
Número de la edición del Dewey 22
Clave de autor-Numero de item AG284ci
100 1# - ASIENTO PRINCIPAL--NOMBRE PERSONAL
Nombre personal Agustín de Hipona, San (354-430)
Término relacionador autor
245 10 - TÍTULO
Título del Material La ciudad de Dios
Mención de responsabilidad, etc. / San Agustín ; traductor , D. Jose Cayetano Diaz de Beyral.
264 #1 - PRODUCCIÓN, PUBLICACIÓN, DISTRIBUCIÓN, MANUFACTURA, Y COPYRIGHT
Lugar de producción, publicación, distribución, manufactura Buenos Aires, Argentina :
Nombre del productor, publicador, distribuidor Poblet
Fecha de producción, publicación, distribución, manufactura, o copyright [1940]
300 ## - DESCRIPCIÓN FÍSICA
Extensión 858 páginas
Dimensiones ; 18 cm.
336 ## - TIPO DE CONTENIDO
Término de tipo de contenido texto
Código de tipo de contenido txt
Fuente rdacontent
337 ## - TIPO DE MEDIO
Fuente rdamedia
Nombre del tipo de medio sin mediación
Código del tipo de medio n
338 ## - TIPO DE SOPORTE
Fuente rdacarrier
Nombre del tipo de soporte volumen
Código Tipo de soporte nc
490 ## - MENCIÓN DE SERIE
Mención de serie Colección de Clásicos Católicos.
505 ## - NOTA DE CONTENIDO
Nota de contenido con formato preestablecido Libros decimocuarto al vigesimosegundo.
563 ## - NOTA DE ENCUADERNACIÓN
Nota de encuadernación Pasta dura.
600 07 - ASIENTO SECUNDARIO DE MATERIA - NOMBRE PERSONAL
Nombre personal Agustín
Títulos y otros términos asociados al nombre Santo,
-- Obispo de Hipona
Fechas asociadas con el nombre c.a. 354 d.C. - 430 d.C.
650 #7 - ASIENTO SECUNDARIO DE MATERIA - TERMINO TEMÁTICO
Término temático o nombre geográfico como elemento de entrada Iglesia
Subdivisión general Historia
Subdivisión cronológica (Iglesia primitiva), ca. 0030-0600
Fuente del encabezamiento o término
9 (RLIN) 659
650 #7 - ASIENTO SECUNDARIO DE MATERIA - TERMINO TEMÁTICO
9 (RLIN) 59
Término temático o nombre geográfico como elemento de entrada Padres de la Iglesia
942 ## - TIPO DE MATERIAL (KOHA)
Tipo de Item KOHA Libros de Referencia
Existencias
Estado de Material Estado de Perdido Forma de Clasificación Estado de Dañado No para Préstamo Colección Biblioteca de Origen Biblioteca Permanente Fecha de Adquisición Total de Préstamos Total de Renovaciones Signatura Topográfica Código de Barras Última vez visto Última vez Préstado Ejemplar/Existencia Fecha de Remplazo Tipo de Material
    Dewey Decimal Classification     Colección de Referencia Biblioteca FUSBC Biblioteca FUSBC 21/01/2005 3 10 R 270.2 AG284ci 963 30/04/2025 28/04/2025 Vol.16 t.16, ej. 1 26/01/2016 Libros de Referencia
    Dewey Decimal Classification     Colección de Referencia Biblioteca FUSBC Biblioteca FUSBC 21/01/2005 4 13 R 270.2 AG284ci 964 20/08/2024 29/01/2024 Vol.17 t.17, ej.1 26/01/2016 Libros de Referencia

Biblioteca FUSBC | Teléfono: (57+4) 349 88 10 Ext. 141| WhatsApp (+57) 3005338115 
E-mail: biblioteca@unisbc.edu.co | Calle 76 87-14 Robledo Palenque, Medellín, Colombia

Con tecnología Koha